Central Library and Information Centre
Sibsagar Girls' College, Sivasagar : Assam

INTERNATIONAL RELATIONS (Record no. 17258)

MARC details
000 -LEADER
fixed length control field 00395cam a2200169ua 4500
008 - FIXED-LENGTH DATA ELEMENTS--GENERAL INFORMATION
fixed length control field 060101n2011 II |||gr||||Z||||||eng
040 ## - CATALOGING SOURCE
Original cataloging agency MAIN
041 ## - LANGUAGE CODE
-- English
082 ## - DEWEY DECIMAL CLASSIFICATION NUMBER
Classification number 327 GOL
100 ## - MAIN ENTRY--PERSONAL NAME
Personal name GOLDSTEIN , JOSHUA & OTHERS.
245 ## - TITLE STATEMENT
Title INTERNATIONAL RELATIONS
250 ## - EDITION STATEMENT
Edition statement 8TH.
260 ## - PUBLICATION, DISTRIBUTION, ETC.
Place of publication, distribution, etc. DELHI
Name of publisher, distributor, etc. PEARSON EDUCATION
Date of publication, distribution, etc. 2011
300 ## - PHYSICAL DESCRIPTION
Extent 560:
Dimensions 25CM.
942 ## - ADDED ENTRY ELEMENTS (KOHA)
Koha item type Books
Holdings
Withdrawn status Lost status Damaged status Not for loan Collection code Home library Current library Shelving location Date acquired Full call number Barcode Date last seen Copy number Price effective from Koha item type Public note
        TBPSC Central Library and Information Centre Sibsagar Girls College Central Library and Information Centre Sibsagar Girls College POLITICAL SC BOOK RACK 30.06.2011 327 GOL 26523 27.02.2020 1 27.02.2020 Books V
        TBPSC Central Library and Information Centre Sibsagar Girls College Central Library and Information Centre Sibsagar Girls College POLITICAL SC BOOK RACK 30.06.2011 327 GOL 26524 27.02.2020 2 27.02.2020 Books V
        TBPSC Central Library and Information Centre Sibsagar Girls College Central Library and Information Centre Sibsagar Girls College POLITICAL SC BOOK RACK 30.06.2011 327 GOL 26525 27.02.2020 3 27.02.2020 Books V


Sibsagar Girl's College © 2020. All rights reserved.
Powered by Koha.
Maintained by Abhijit Borpuzari.